Reformas religiosas, sociales, electorales, económicas y políticas de la Constitución del año 33 promulgadas el 18 de septiembre de 1925. Efectos del Parlamentarismo en Chile

Saved in:
書目詳細資料
主要作者: González García, Pedro Eduardo (Author)
格式: 圖書
語言:西班牙语
出版: Santiago Imprenta Siglo XX 1927
版:1a. ed
主題:
標簽: 添加標簽
沒有標簽, 成為第一個標記此記錄!

MARC

LEADER 00000nam a2200000 a 4500
001 UCJ5222
003 CL-VaPUC
008 070124e19270000CL |||||||||||||||||spa|d
082 0 4 |a 983  |b GON  |2 21 
100 0 |a González García, Pedro Eduardo  |e author  |9 510140 
245 1 0 |a Reformas religiosas, sociales, electorales, económicas y políticas de la Constitución del año 33 promulgadas el 18 de septiembre de 1925. Efectos del Parlamentarismo en Chile 
250 |a 1a. ed 
300 |a 558 p 
942 |c BK 
945 |d 20070124 00:00:00  |a rinostro 
260 |a Santiago  |b Imprenta Siglo XX  |c 1927 
600 0 7 |a CONSTITUCION POLITICA DE 1933  |2 CL-VaPUC  |9 510141 
600 0 7 |a CONSTITUCION POLITICA DE 1925  |2 CL-VaPUC  |9 255168 
650 0 |a Derecho constitucional   |9 222588 
650 0 |a Reforma constitucional  |9 332804 
650 0 |a Elecciones  |9 254997 
650 0 |a Iglesia y Estado  |9 254995 
650 0 |a Historia de Chile  |9 265473 
583 |a last modification  |c 20070124 00:00:00  |k Rodrigo Vera 
999 |c 321335  |d 321333 
952 |0 0  |1 0  |4 0  |6 983_000000000000000_GON_1927  |7 0  |8 X  |9 400048  |a FDOBUD  |b FDOBUD  |d 2019-11-22  |i 1031473  |o 983 GON 1927  |p 1031473  |r 2019-11-22  |w 2019-11-22  |y BK_X  |k BUD